Online Catalogue and eLibrary

Female Stories, Female Bodies: (Record no. 1109)

MARC details
000 -LEADER
fixed length control field 00478nam a2200181Ia 4500
005 - DATE AND TIME OF LATEST TRANSACTION
control field 20250320015633.0
008 - FIXED-LENGTH DATA ELEMENTS--GENERAL INFORMATION
fixed length control field 240331s9999 xx 000 0 und d
020 ## - INTERNATIONAL STANDARD BOOK NUMBER
ISBN 0333471652
082 ## - DDC Classification
Class No. 302.23
Item Number - Author Mark CUR
DDC Edition Number 2894
100 ## - MAIN ENTRY--PERSONAL NAME
Personal name Curti, L
245 #0 - TITLE STATEMENT
Title Female Stories, Female Bodies:
Remainder of title Narrative, Identity and Representation
260 ## - PUBLICATION, DISTRIBUTION, ETC.
Place of publication, distribution, etc. London,
Name of publisher, distributor, etc. Macmillan Press Ltd
Date of publication, distribution, etc. 1998
300 ## - PHYSICAL DESCRIPTION
Extent (e.g. Volumes, Pages etc.) xviii, 232 p.,
650 ## - SUBJECT ADDED ENTRY--TOPICAL TERM
Topical term or geographic name entry element Women
650 ## - SUBJECT ADDED ENTRY--TOPICAL TERM
Topical term or geographic name entry element Gender
650 ## - SUBJECT ADDED ENTRY--TOPICAL TERM
Topical term or geographic name entry element Feminism
942 ## - Koha item type (Biblio)
Koha item type Books in Stacks (Lending)
Holdings
Lost status Damaged status Collection code Home library Current library Shelving location Date acquired Full call number Accession Number Item type
    Lending WERC Library WERC Library Social Science Cupboard 03/31/2024 302.23 CUR 2894 Books in Stacks (Lending)

© WERC Library